| 000 | 00491 a2200157 4500 | ||
|---|---|---|---|
| 005 | 20260122094412.0 | ||
| 008 | 260114b |||||||| |||| 00| 0 eng d | ||
| 020 | _a9788196525224 | ||
| 080 |
_a89M-94 _bANS/P;1 |
||
| 100 | _a Ansar, M K ed. | ||
| 245 | _aPalestine: kalayum kalapavum(പലസ്തീൻ : കലയും കലാപവും) | ||
| 260 |
_bHamlet publica. _c2024. _aErnakulam. |
||
| 300 | _a197p. | ||
| 653 | _aMemories -malayalam literature-palestine. | ||
| 942 | _cOO | ||
| 999 |
_c114357 _d114356 |
||